000 00200 a2200097 4500
001 7827
100 _aAbbott, W
245 _aMachine drawing & design
260 _a
_bBlackie
_c
090 _c6276
_d6276
942 _aNUST-CAE
_cM
_c32796
999 _c242900
_d242900